00215nam a2200073Ia 4500082001500000245003400015100005100049008004100100 aLP AF HEIN 0aMy hart is 'n duisend sterre  a HEINE, Mike Pretoria, 1990 Grootdrukuitg 210817s9999 xx 000 0 und d